000 01134nam a22002417a 4500
001 5854
003 FISKH
005 20250124153132.0
008 250124b cb ||||| |||| 00| 0 eng d
020 _a9781107698994
040 _aFISKH
_beng
_cFISKH
_dFISKH
050 _aPZ7
082 _a510
100 _aByrd, Greg
245 _aCambridge Checkpoint Mathematics Practice Book 9 /
_cBy Greg Byrd, Lynn Byrd and Chris Pearce
260 _aCambridge :
_bCambridge University Press ,
_c2013.
300 _a96 pages :
_billustrations ;
_c28 cm.
520 _aWritten by well-respected authors, the Cambridge Checkpoint Mathematics suite provides a comprehensive structured resource which covers the full Cambridge Secondary 1 Mathematics framework in three stages. This Practice Book for Stage 9 contains further exercise questions for practice in the classroom or at home. It provides coverage of the Problem Solving section of the framework, with questions relating to these framework statements highlighted.
700 _aByrd, Lynn
_eauthor
700 _aPearce, Chris
_eauthor
942 _2ddc
_cBK
_n0
999 _c5854
_d5854